Sports Quiz

Random Sports Quiz
Score 0/15 Timer 05:00
0 Plays Today
Team Players Name % Correct
TexasRicky Williams
88.7%
MemphisDeangelo Williams
87.3%
WisconsinRon Dayne
81.7%
GeorgiaHerschel Walker
77.5%
PittsburghTony Dorsett
70.4%
USCCharles White
60.6%
Ohio StateArchie Griffin
53.5%
Kansas StateDarren Sproles
43.7%
Team Players Name % Correct
Texas Cedric Benson
42.3%
TCULadainian Tomlinson
39.4%
MichiganMichael Hart
35.2%
Northern IllinoisGarrett Wolfe
26.8%
Texas A&MDarren Lewis
15.5%
Miami(OH)Travis Prentice
11.3%
West virginiaAvon Cobourne
8.5%

You're not logged in!

Compare scores with friends on all Sporcle quizzes.
OR
Log In

Sporcle TV

Today on Sporcle TV


Watch our educational content, quiz creation guides, and fun videos on Sporcle TV.

Show Comments

Extras

Created Jan 18, 2013ReportNominate
Tags:Career, Player, Rushing, team, yard

Top Quizzes Today


Score Distribution

Paid Content

Your Account Isn't Verified!

In order to create a playlist on Sporcle, you need to verify the email address you used during registration. Go to your Sporcle Settings to finish the process.

Report this User

Report this user for behavior that violates our Community Guidelines.

Details: